LEADER 01376nam 2200313 n 450 001 996392209003316 005 20221108060640.0 035 $a(CKB)1000000000676690 035 $a(EEBO)2248562423 035 $a(UnM)9959408000971 035 $a(EXLCZ)991000000000676690 100 $a19971120d1603 uh 101 0 $aeng 135 $aurbn||||a|bb| 200 10$aAlthough the offences committed against the Queene our sister deceased, and the honour of her estate by the Earle of Tyrone$b[electronic resource] $ewere such as al princes ought to be very sensible of, .. 210 $aImprinted at London $cBy Robert Barker, printer to the Kings most excellent Maiestie.$danno Dom. 1603 215 $a1 sheet ([1] p.) 300 $aReadmitting the Earl of Tyrone to favor. Cf. STC. 300 $aDated at end: Greenwich the eighth day of June, in the first yeere of our reigne. 300 $aReproduction of original in the British Library. 330 $aeebo-0018 607 $aGreat Britain$xHistory$yJames I, 1603-1625$vEarly works to 1800 701 $aJames$cKing of England,$f1566-1625.$01001019 801 0$bCu-RivES 801 1$bCu-RivES 906 $aBOOK 912 $a996392209003316 996 $aAlthough the offences committed against the Queene our sister deceased, and the honour of her estate by the Earle of Tyrone$92327993 997 $aUNISA LEADER 00846nam 2200277 450 001 996688080403316 005 20251125131515.0 100 $a20251118d1986----km y0itay5003 ba 101 0 $aita 102 $aIT 105 $ay 00 y 200 1 $a<> rinvio dell'assemblea$fAndrea Paciello 210 $aMilano$cGiuffrè$d[1986] 215 $a99-127 p.$d25 cm 300 $aTitolo dell'intitolazione 300 $aEstratto da: Rivista del notariato : rassegna di diritto e pratica notarile, anno 40 (gen-feb. 1986) 606 0 $aAssemblee$xDiritto commerciale$2BNCF 676 $a346.07 700 1$aPACIELLO,$bAndrea$0405283 801 0$aIT$bcba$gREICAT 912 $a996688080403316 951 $aXVI.7.Misc. 505$b507 FBUO$cXVI.7.Misc. 959 $aBK 969 $aFBUO 996 $aRinvio dell'assemblea$94455733 997 $aUNISA